|
|
|
|
| LEADER |
01706cas a2200241 a 4500 |
| 001 |
AALejournalIMF015200 |
| 008 |
230101c9999 xx r poo 0 0eng d |
| 020 |
|
|
|c 5.00 USD
|
| 020 |
|
|
|z 9781475535525
|
| 022 |
|
|
|a 1934-7685
|
| 040 |
|
|
|a BD-DhAAL
|c BD-DhAAL
|
| 110 |
2 |
|
|a International Monetary Fund.
|b European Dept.
|
| 245 |
1 |
0 |
|a Republic of Latvia :
|b Selected Issues.
|
| 264 |
|
1 |
|a Washington, D.C. :
|b International Monetary Fund,
|c 2015.
|
| 300 |
|
|
|a 1 online resource (38 pages)
|
| 490 |
1 |
|
|a IMF Staff Country Reports
|
| 500 |
|
|
|a <strong>Off-Campus Access:</strong> No User ID or Password Required
|
| 500 |
|
|
|a <strong>On-Campus Access:</strong> No User ID or Password Required
|
| 506 |
|
|
|a Electronic access restricted to authorized BRAC University faculty, staff and students
|
| 520 |
3 |
|
|a This Selected Issues paper examines the prospects for Latvia continuing to rapidly reduce its distance from the productivity frontier. It looks at the empirical record of countries that have in the past attained a similar relative level of income to that of Latvia at present, to gauge the plausibility of the forecast for Latvia's medium term GDP growth of about 4 percent per year. It highlights that more than one-third of the countries reaching a similar stage of development managed to sustain higher subsequent growth. The paper also confirms the importance of investment and structural reforms for Latvia's future convergence, using a sector-level analysis.
|
| 538 |
|
|
|a Mode of access: Internet
|
| 830 |
|
0 |
|a IMF Staff Country Reports; Country Report ;
|v No. 2015/111
|
| 856 |
4 |
0 |
|z Full text available on IMF
|u http://elibrary.imf.org/view/journals/002/2015/111/002.2015.issue-111-en.xml
|z IMF e-Library
|